00885nam a2200217Ia 4500008004100000020001700041040001400058082002200072100004200094245004000136260003900176300001400215365002800229366000800257620014600265630004000411730004000451942000900491999001900500952014800519100315s9999 xx 000 0 und d a8121926637  cENGLISH  b5888 a657.046  a"Pillai, R.S.N., Bagavathi, Uma, S. " aFundamentals of Advanced Accounting aNew Delhi b"Chand, S  "c2006  a1002p.   eRupees d1 b300.00  f0  a"Company Accounts, Issue of Shares, Debentures, Company Final Accounts,Valuation of Goodwil & shares, Ratio Analysis, Cash flow statements " aFundamentals of Advanced Accounting aFundamentals of Advanced Accounting cBOOK c480623d480620 00103II 4070aVPMBRIMSbVPMBRIMSd2006-10-12g300.00l0o657.046 /PIL/BAG  5888 pVPMBRIMS-5888 r2010-03-19 00:00:00w2010-03-19yBOOK